zpět

Detail výsledku týmu

Bohemia Café, Česká Lípa

Datum a čas kvízu

25.5 Celkem bodů Celkový počet nahraných bodů na tomto kvízu bez doplňovacích otázek.
6. Pořadí na kvízu Konečné umístění týmu na tomto kvízu.

Zaznamenané odpovědi

# Otázka Odpověď Body Výsledky
1. V pátek a sobotu se v Kolovči... A) na Chodsku 0
2. Jak se nazývá město, které min... Anchorage 0
3. Nejvyšší soud v Jižní Koreji m... Baby Shark 1
4. Speciálem etiopských aerolinií... Lucy 1
5. 25letý švédský atlet překonal... Armand Duplantis; skok o tyči 1
6. Hned v první otázce se zaměřím... 1D 2A 3B 4C 0
7. Jedním ze specifik prezidentsk... A 0
8. Který z těchto výroků o prezid... B 0
9. NW Präsident byl v roce 1897 p... Tatra, Kopřivnice 0
10. Která zpěvačka nahrála skladbu... Pink 0